Central Library OPAC University of Rajshahi

Parliament / (Record no. 42280)

MARC details
000 -LEADER
fixed length control field 00753cam a2200241 a 4500
001 - CONTROL NUMBER
control field 42280
003 - CONTROL NUMBER IDENTIFIER
rucl marc code BD-RjUL
005 - DATE AND TIME OF LATEST TRANSACTION
control field 20211209053522.0
008 - FIXED-LENGTH DATA ELEMENTS--GENERAL INFORMATION
fixed length control field 160611s19611957enk b 001 0 eng d
035 ## - SYSTEM CONTROL NUMBER
System control number (BD-RjUL) 42398
040 ## - CATALOGING SOURCE
Original cataloging agency WSU
Modifying agency OCL
Language of cataloging eng
Transcribing agency BD-RjUL
041 ## - LANGUAGE CODE
Language code of text/sound track or separate title eng
082 ## - DEWEY DECIMAL CLASSIFICATION NUMBER
Edition number 23
Classification number 328.42
Author mark and year JEP 1961
100 1# - MAIN ENTRY--PERSONAL NAME
Personal name Jennings, Ivor,
Dates associated with a name 1903-1965.
9 (RLIN) 125300
245 10 - TITLE STATEMENT
Title Parliament /
Statement of responsibility, etc. Sir Ivor Jennings.
250 ## - EDITION STATEMENT
Edition statement 2nd ed.
260 ## - PUBLICATION, DISTRIBUTION, ETC. (IMPRINT)
Place of publication, distribution, etc. Cambridge :
Name of publisher, distributor, etc. Cambridge University Press,
Date of publication, distribution, etc. 1957 [Reprinted 1961]
300 ## - PHYSICAL DESCRIPTION
Pagination xi, 573 p. ;
Size 24 cm.
504 ## - BIBLIOGRAPHY, ETC. NOTE
Bibliography, etc Includes bibliographical footnotes and index.
610 10 - SUBJECT ADDED ENTRY--CORPORATE NAME
Corporate name or jurisdiction name as entry element Great Britain.
Subordinate unit Parliament.
651 #0 - SUBJECT ADDED ENTRY--GEOGRAPHIC NAME
Geographic name Great Britain
General subdivision Politics and government.
9 (RLIN) 130022
942 ## - ADDED ENTRY ELEMENTS (KOHA)
Source of classification or shelving scheme Dewey Decimal Classification
Koha item type Books
Holdings
Lost status Source of classification or shelving scheme Damaged status Not for loan Collection code Permanent Location Current Location Shelving location Date acquired Source of acquisition Cost, normal purchase price Total Checkouts Full call number Date last seen Date checked out Copy number Koha item type
  Dewey Decimal Classification     Non-fiction Central Library, University of Rajshahi Central Library, University of Rajshahi   07/01/1965 Zeithinger 65.00 1 328.42 JEP 1961 19/12/2019 16/09/2019 C-2 Books
  Dewey Decimal Classification     Non-fiction Central Library, University of Rajshahi Central Library, University of Rajshahi   17/04/1964 Zeithinger 65.00   328.42 JEP 1961 11/06/2016   C-3 Books
  Dewey Decimal Classification     Non-fiction Central Library, University of Rajshahi Central Library, University of Rajshahi   08/12/1965 Zeithinger 65.00   328.42 JEP 1961 11/06/2016   C-4 Books